Welcome to CU Library Online Public Access Catalogue (OPAC)

Luke / (Record no. 7007)

MARC details
000 -LEADER
fixed length control field 00837pam a2200229 a 4500
001 - CONTROL NUMBER
control field 2943915
005 - DATE AND TIME OF LATEST TRANSACTION
control field 20250716162619.0
008 - FIXED-LENGTH DATA ELEMENTS--GENERAL INFORMATION
fixed length control field 900423s1990 mau b 001 0 eng
020 ## - INTERNATIONAL STANDARD BOOK NUMBER
International Standard Book Number 0943575311 :
Terms of availability $9.95
020 ## - INTERNATIONAL STANDARD BOOK NUMBER
International Standard Book Number 9780943575315
050 00 - LIBRARY OF CONGRESS CALL NUMBER
Classification number BS2595.3
Item number .E83 1990
082 00 - DEWEY DECIMAL CLASSIFICATION NUMBER
Classification number 226.4/077
Edition information 20
100 1# - MAIN ENTRY--PERSONAL NAME
Personal name Evans, Craig A.
245 10 - TITLE STATEMENT
Title Luke /
Statement of responsibility, etc. Craig A. Evans ; New Testament editor, W. Ward Gasque.
260 ## - PUBLICATION, DISTRIBUTION, ETC.
Place of publication, distribution, etc. Peabody, Mass. :
Name of publisher, distributor, etc. Hendrickson Publishers,
Date of publication, distribution, etc. c1990.
300 ## - PHYSICAL DESCRIPTION
Extent xvii, 397 p. ;
Dimensions 22 cm.
440 #0 - SERIES STATEMENT/ADDED ENTRY--TITLE
Title New International biblical commentary ;
Volume/sequential designation 3
700 1# - ADDED ENTRY--PERSONAL NAME
Personal name Gasque, W. Ward.
856 42 - ELECTRONIC LOCATION AND ACCESS
Materials specified Publisher description
Uniform Resource Identifier <a href="http://www.loc.gov/catdir/description/hend021/90037287.html">http://www.loc.gov/catdir/description/hend021/90037287.html</a>
856 42 - ELECTRONIC LOCATION AND ACCESS
Materials specified Contributor biographical information
Uniform Resource Identifier <a href="http://www.loc.gov/catdir/enhancements/fy0706/90037287-b.html">http://www.loc.gov/catdir/enhancements/fy0706/90037287-b.html</a>
942 ## - ADDED ENTRY ELEMENTS (KOHA)
Source of classification or shelving scheme Library of Congress Classification
Koha item type Books
Suppress in OPAC No
999 ## -
-- 7007
-- 7007
Holdings
Withdrawn status Lost status Source of classification or shelving scheme Damaged status Not for loan Collection Home library Current library Shelving location Date acquired Total checkouts Full call number Barcode Date last seen Copy number Price effective from Koha item type
    Library of Congress Classification     Non-fiction Undergraduate Library (Christ Temple) Undergraduate Library (Christ Temple) General stacks 07/16/2025   BS 2595.3 EVA ulct00003901 07/16/2025 1 07/16/2025 Books
© 2023-2024 Copyright: Central University Libraries. All Rights Reserved | Created by: Mahone Tech Office